000 005190000a22002050004500
001 1976
003 CO-MdFUSB
005 20170512145652.0
008 170512b xxu||||| |||| 00| 0 eng d
020 _a978-607-400-015-3
040 _cCO-MdBIC
082 0 4 _a863C R836d
100 1 _aRueda, Claudia
245 1 0 _aUn día de lluvia / Claudia Rueda ; diseño Francis Ibarra Meza
250 _a1a ed.
260 _aMéxico : Oceano travesía
300 _a(42) P.
650 1 4 _aCuentos Infantiles
942 _cLGB
999 _c49126
_d49126